[Event "Olympiad-40"]
[Site "Istanbul"]
[Date "2012.09.06"]
[Round "9.3"]
[White "Celis, Joel Chang"]
[Black "Valdes, Rances"]
[Result "0-1"]
[WhiteElo "1810"]
[BlackElo "2139"]
[PlyCount "146"]
[EventDate "2012.08.28"]
[EventType "team-swiss"]
[EventRounds "11"]
[EventCountry "TUR"]
[SourceTitle "CBM 151"]
[Source "ChessBase"]
[SourceDate "2012.11.13"]
[SourceVersion "1"]
[SourceVersionDate "2012.11.13"]
[SourceQuality "1"]
[WhiteTeam "Macau"]
[BlackTeam "Panama"]
[WhiteTeamCountry "MAC"]
[BlackTeamCountry "PAN"]

1. e4 c5 2. Nf3 d6 3. d4 cxd4 4. Nxd4 Nf6 5. Nc3 e6 6. Be2 Be7 7. 0-0 a6 8. a4 Qc7 9. Kh1 Nc6 10. f4 0-0 11. Bf3 Rb8 12. Be3 Re8 13. Qe1 Na5 14. Rd1 b6 15. b4 Nc4 16. e5 dxe5 17. fxe5 Nxe5 18. Bf4 Nfd7 19. Nc6 Nxf3 20. Bxc7 Nxe1 21. Bxb8 Nxc2 22. Nxe7+ Rxe7 23. Rc1 Nxb8 24. Rxc2 Bb7 25. Ne2 f6 26. Rfc1 Nd7 27. Rc7 Bd5 28. R1c3 Kf7 29. Nd4 Ne5 30. Rxe7+ Kxe7 31. Kg1 Kd7 32. a5 b5 33. Nb3 Bxb3 34. Rxb3 Kd6 35. Rc3 Nc6 36. Rb3 Kd5 37. Rb1 Kc4 38. Rc1+ Kd5 39. Rb1 Kc4 40. Rc1+ Kd5 41. Rd1+ Nd4 42. Kf2 e5 43. Rc1 Nc6 44. Rd1+ Ke6 45. Rb1 f5 46. Ke3 g5 47. Kd3 h5 48. Kc3 e4 49. Re1 Ke5 50. Rd1 Ke6 51. Re1 Ke5 52. Rd1 f4 53. Rd7 f3 54. gxf3 exf3 55. Kd2 Nxb4 56. Rh7 Kf4 57. Rxh5 Nc6 58. Rh6 Nxa5 59. Rxa6 Nc4+ 60. Ke1 g4 61. Kf2 Ne5 62. Rf6+ Ke4 63. h4 gxh3 64. Kg3 h2 65. Rh6 f2 66. Kg2 Ng4 67. Rh8 b4 68. Re8+ Kf4 69. Rf8+ Ke4 70. Re8+ Kd3 71. Rd8+ Kc2 72. Rc8+ Kb1 73. Rd8 h1Q+ 0-1

[Event "Olympiad-40"]
[Site "Istanbul"]
[Date "2012.08.29"]
[Round "2.3"]
[White "Abdyjapar, Asyl"]
[Black "Valdes, Rances"]
[Result "1-0"]
[WhiteElo "2365"]
[BlackElo "2139"]
[PlyCount "70"]
[EventDate "2012.08.28"]
[EventType "team-swiss"]
[EventRounds "11"]
[EventCountry "TUR"]
[SourceTitle "CBM 151"]
[Source "ChessBase"]
[SourceDate "2012.11.13"]
[SourceVersion "1"]
[SourceVersionDate "2012.11.13"]
[SourceQuality "1"]
[WhiteTeam "Kyrgyzstan"]
[BlackTeam "Panama"]
[WhiteTeamCountry "KGZ"]
[BlackTeamCountry "PAN"]

1. c4 Nf6 2. Nc3 g6 3. d4 Bg7 4. e4 d6 5. Nf3 0-0 6. Be2 Bg4 7. Ng1 Bxe2 8. Ngxe2 Nfd7 9. 0-0 c5 10. Be3 Nc6 11. Qd2 Rc8 12. b3 a6 13. Rad1 Qc7 14. Bh6 cxd4 15. Bxg7 Kxg7 16. Nd5 Qd8 17. Nxd4 Nc5 18. Rfe1 Ne6 19. Nc2 b5 20. cxb5 axb5 21. Nce3 f6 22. f4 Nc5 23. Ng4 h5 24. Nf2 Rf7 25. b4 Nb7 26. f5 g5 27. Qe2 Ne5 28. Qxb5 Rb8 29. Qe2 g4 30. Nd3 Nxd3 31. Rxd3 Kg8 32. Rc1 Rc8 33. Rxc8 Qxc8 34. Rc3 Qb8 35. Qa6 Nc5 1-0

[Event "Panama op 1st"]
[Site "Panama City"]
[Date "2011.11.07"]
[Round "9"]
[White "Valdes, Rances"]
[Black "Baules Rodriguez, Jorge Luis"]
[Result "1-0"]
[WhiteElo "2125"]
[BlackElo "2380"]
[PlyCount "57"]
[EventDate "2011.11.03"]
[EventType "swiss"]
[EventRounds "9"]
[EventCountry "PAN"]
[SourceTitle "EXT 2012"]
[Source "ChessBase"]
[SourceDate "2011.11.24"]
[SourceVersion "1"]
[SourceVersionDate "2011.11.24"]
[SourceQuality "1"]

1. d4 d5 2. c4 c6 3. Nf3 Nf6 4. Nc3 a6 5. cxd5 cxd5 6. Bf4 g6 7. e3 Bg7 8. Bd3 Nc6 9. Rc1 Bg4 10. h3 Bxf3 11. Qxf3 0-0 12. 0-0 Rc8 13. Rfd1 b5 14. Bg3 Na5 15. b3 Qd7 16. Be5 Rfd8 17. Qe2 Nc6 18. Bh2 Qb7 19. Kh1 e6 20. Kg1 Qa8 21. Bg3 Nd7 22. Bh4 Re8 23. Qd2 e5 24. dxe5 d4 25. exd4 Nxd4 26. Be4 Qa7 27. Qxd4 Qxd4 28. Rxd4 Nxe5 29. Rdd1 1-0

[Event "Panama op 1st"]
[Site "Panama City"]
[Date "2011.11.06"]
[Round "8"]
[White "Quinonez Centeno, Carlos David"]
[Black "Valdes, Rances"]
[Result "0-1"]
[WhiteElo "2315"]
[BlackElo "2125"]
[PlyCount "78"]
[EventDate "2011.11.03"]
[EventType "swiss"]
[EventRounds "9"]
[EventCountry "PAN"]
[SourceTitle "EXT 2012"]
[Source "ChessBase"]
[SourceDate "2011.11.24"]
[SourceVersion "1"]
[SourceVersionDate "2011.11.24"]
[SourceQuality "1"]

1. e4 c5 2. Nf3 d6 3. d4 cxd4 4. Nxd4 Nf6 5. Nc3 a6 6. Bc4 e6 7. Bb3 Nbd7 8. Bg5 Nc5 9. f4 Qc7 10. Qe2 Be7 11. 0-0-0 h6 12. Bxf6 gxf6 13. Rhe1 h5 14. Nf5 Nxb3+ 15. axb3 b5 16. Nxe7 Kxe7 17. e5 fxe5 18. fxe5 dxe5 19. Qxe5 Qxe5 20. Rxe5 Bb7 21. Rd2 Rag8 22. Ree2 Rg4 23. Nd1 h4 24. Ne3 Re4 25. Nf1 Rg8 26. Rxe4 Bxe4 27. Ne3 f5 28. Rf2 Kf6 29. Kd2 e5 30. Ke1 f4 31. h3 Bf5 32. Nd5+ Kg5 33. c4 Rc8 34. Re2 e4 35. Rf2 bxc4 36. Nxf4 cxb3 37. Ne2 Rc4 38. Nc3 e3 39. Re2 Rxc3 0-1

[Event "Olympiad-38"]
[Site "Dresden"]
[Date "2008.11.25"]
[Round "11"]
[White "Valdes, Rances"]
[Black "Haddouche, Mohamed Amine"]
[Result "0-1"]
[WhiteElo "2093"]
[BlackElo "2333"]
[PlyCount "106"]
[EventDate "2008.11.13"]
[EventType "team-swiss"]
[EventRounds "11"]
[EventCountry "GER"]
[SourceTitle "CBM 128"]
[Source "ChessBase"]
[SourceDate "2009.01.28"]
[SourceVersion "1"]
[SourceVersionDate "2009.01.28"]
[SourceQuality "1"]
[WhiteTeam "Panama"]
[BlackTeam "Algeria"]
[WhiteTeamCountry "PAN"]
[BlackTeamCountry "ALG"]

1. e4 e5 2. Nf3 d6 3. d4 exd4 4. Nxd4 Nf6 5. Nc3 Be7 6. Be2 0-0 7. 0-0 Re8 8. Re1 Bf8 9. Bf1 h6 10. f3 c6 11. Kh1 Nbd7 12. Bf4 Ne5 13. Qd2 Nh5 14. Be3 Qf6 15. Rad1 Bd7 16. b3 b5 17. Qf2 b4 18. Nb1 a5 19. Ne2 g5 20. Bd4 c5 21. Bxe5 Rxe5 22. Nd2 Ree8 23. Nc4 Bc6 24. Ng3 Nf4 25. Ne3 a4 26. Bc4 axb3 27. axb3 Ra2 28. Ng4 Qg6 29. Nf5 d5 30. exd5 Rxe1+ 31. Qxe1 Bd7 32. Nfe3 Bd6 33. Ra1 Rxa1 34. Qxa1 Bxg4 35. Nxg4 Qxc2 36. Bf1 Qc3 37. Qb1 Kg7 38. Qd1 f5 39. Nf2 Qe5 40. g3 Nxd5 41. Qd2 Ne3 42. Kg1 h5 43. Nd3 Qd4 44. Qf2 Nc2 45. Be2 Qc3 46. Bd1 Nd4 47. Qe3 f4 48. Qe4 Qd2 49. Nf2 Qe3 50. Qd5 fxg3 51. hxg3 Bxg3 52. Qb7+ Kf6 53. Qb6+ Ke5 0-1

[Event "Panama Sub zt 2.3.2c"]
[Site "Panama"]
[Date "2006.11.03"]
[Round "3"]
[White "Valdes, Rances"]
[Black "Baules Rodriguez, Jorge Luis"]
[Result "1/2-1/2"]
[WhiteElo "2127"]
[BlackElo "2311"]
[PlyCount "106"]
[EventDate "2006.11.01"]
[EventType "swiss"]
[EventRounds "9"]
[EventCountry "PAN"]
[SourceTitle "EXT 2007"]
[Source "ChessBase"]
[SourceDate "2006.11.23"]
[SourceVersion "1"]
[SourceVersionDate "2006.11.23"]
[SourceQuality "1"]

1. d4 d5 2. c4 c6 3. Nf3 Nf6 4. Nc3 a6 5. c5 Bg4 6. Ne5 Bf5 7. Qb3 Ra7 8. Bf4 Nbd7 9. e3 Nxe5 10. Bxe5 Nd7 11. Bg3 e5 12. Be2 Be7 13. 0-0 0-0 14. Rfd1 exd4 15. exd4 b6 16. cxb6 Qxb6 17. Qxb6 Nxb6 18. Re1 a5 19. Bf1 Rd8 20. h3 Kf8 21. Bf4 Nc4 22. Na4 Bf6 23. Rac1 Bxd4 24. Bxc4 dxc4 25. Rxc4 Be6 26. Rxc6 Bxa2 27. Bc7 Rda8 28. Rd1 Bf6 29. Nb6 Re8 30. Nd7+ Kg8 31. Nxf6+ gxf6 32. Bb6 Rb7 33. Bxa5 Rxb2 34. Rxf6 Rb1 35. Rxb1 Bxb1 36. Bc3 Rc8 37. Rf3 Bg6 38. h4 h5 39. Kh2 Rc4 40. Bf6 Kh7 41. Re3 Rf4 42. Rf3 Rxf3 43. gxf3 Bc2 44. Kg3 Kg6 45. Bd4 Kf5 46. Be3 Bd1 47. Bg5 Be2 48. f4 Kg6 49. Bd8 Kf5 50. f3 Bb5 51. Bc7 Bc6 52. Kf2 Bb7 53. Ke3 Bc6 1/2-1/2

[Event "Panama Sub zt 2.3.2c"]
[Site "Panama"]
[Date "2006.11.02"]
[Round "2"]
[White "Valdes, Rances"]
[Black "Guillen Ramirez, Jose Antonio"]
[Result "1/2-1/2"]
[WhiteElo "2127"]
[BlackElo "2301"]
[PlyCount "127"]
[EventDate "2006.11.01"]
[EventType "swiss"]
[EventRounds "9"]
[EventCountry "PAN"]
[SourceTitle "EXT 2007"]
[Source "ChessBase"]
[SourceDate "2006.11.23"]
[SourceVersion "1"]
[SourceVersionDate "2006.11.23"]
[SourceQuality "1"]

1. d4 Nf6 2. c4 e6 3. Nc3 d5 4. Nf3 c5 5. cxd5 Nxd5 6. e4 Nxc3 7. bxc3 cxd4 8. cxd4 Bb4+ 9. Bd2 Bxd2+ 10. Qxd2 0-0 11. Be2 b6 12. 0-0 Bb7 13. Qf4 Nd7 14. Rac1 Rc8 15. Bd3 Qe7 16. Rfe1 Rfd8 17. h4 Nf6 18. Bb1 h6 19. d5 exd5 20. e5 Nd7 21. Rxc8 Rxc8 22. Nd4 Qb4 23. Rd1 Re8 24. Qf5 Nf8 25. Nf3 Bc8 26. Qd3 Bg4 27. Qxd5 Bxf3 28. Qxf3 Qxh4 29. Qe3 Qe7 30. Re1 Qc5 31. Qf4 Qc3 32. Kf1 b5 33. Bf5 Ne6 34. Bxe6 Rxe6 35. Qe4 Qc4+ 36. Qxc4 bxc4 37. Rc1 Rc6 38. Ke2 Kf8 39. Rc3 Ke7 40. Ke3 Ke6 41. Kd4 Ra6 42. a3 Rc6 43. Ke4 g5 44. Rh3 Kd7 45. Rc3 h5 46. Kf5 Rc5 47. Kxg5 Rxe5+ 48. Kf4 Rc5 49. Ke4 Kc6 50. a4 Kb6 51. Kd4 Rf5 52. f3 Rf4+ 53. Ke3 Rh4 54. g3 Rh3 55. Rxc4 Rxg3 56. Rh4 Rg5 57. Rf4 Rg7 58. Rf5 Rh7 59. Kf2 h4 60. Kg2 h3+ 61. Kh2 a6 62. f4 Kc6 63. Rf6+ Kb7 64. a5 1/2-1/2

[Event "Pan American-ch U20"]
[Site "Cali"]
[Date "2005.10.21"]
[Round "9"]
[White "Marin, Sebastian"]
[Black "Valdes, Rances"]
[Result "0-1"]
[WhiteElo "2213"]
[BlackElo "2101"]
[PlyCount "63"]
[EventDate "2005.10.16"]
[EventType "swiss"]
[EventRounds "9"]
[EventCountry "COL"]
[SourceTitle "EXT 2022"]
[Source "ChessBase"]
[SourceDate "2021.10.06"]
[SourceVersion "1"]
[SourceVersionDate "2021.10.06"]
[SourceQuality "1"]

1. e4 c5 2. Nf3 d6 3. d4 cxd4 4. Nxd4 Nf6 5. Nc3 a6 6. f3 e6 7. Be3 b5 8. Qd2 Nbd7 9. g4 h6 10. 0-0-0 Qc7 11. h4 Nb6 12. Bd3 Nfd7 13. f4 Bb7 14. g5 b4 15. Nce2 d5 16. exd5 Nxd5 17. Nxe6 fxe6 18. Bg6+ Kd8 19. Nd4 Nc5 20. f5 e5 21. Nf3 b3 22. Kb1 bxc2+ 23. Qxc2 e4 24. Nd4 Nxe3 25. Ne6+ Kc8 26. Nxc7 Nxc2 27. Nxa8 Nb4 28. Nb6+ Kc7 29. Nc4 e3 30. Nxe3 Be4+ 31. Ka1 Bxh1 32. Rxh1 0-1

[Event "Pan American-ch U20"]
[Site "Cali"]
[Date "2005.10.19"]
[Round "6"]
[White "Valdes, Rances"]
[Black "Mieles Palau, Daniel Alberto"]
[Result "0-1"]
[WhiteElo "2101"]
[BlackElo "2486"]
[PlyCount "99"]
[EventDate "2005.10.16"]
[EventType "swiss"]
[EventRounds "9"]
[EventCountry "COL"]
[SourceTitle "EXT 2007"]
[Source "ChessBase"]
[SourceDate "2006.11.23"]
[SourceVersion "1"]
[SourceVersionDate "2006.11.23"]
[SourceQuality "1"]

1. d4 d5 2. c4 e6 3. Nc3 Nf6 4. Nf3 Nbd7 5. Bg5 Be7 6. e3 0-0 7. Rc1 c6 8. Bd3 a6 9. 0-0 dxc4 10. Bxc4 b5 11. Bd3 c5 12. dxc5 Nxc5 13. Be2 Bb7 14. Bxf6 gxf6 15. Nd4 f5 16. Bf3 Qb6 17. b4 Ne4 18. Bxe4 fxe4 19. a3 Rad8 20. Qh5 Bf6 21. Nce2 Rd5 22. Qh3 Rg5 23. Nb3 Bg7 24. Nc5 Rd8 25. Rfd1 Rgd5 26. Rxd5 Bxd5 27. Ng3 Qd6 28. Nh5 Bb2 29. Rd1 Qe7 30. Rb1 Be5 31. Ng3 f5 32. Qh5 Bg7 33. h3 a5 34. Qe2 Bc4 35. Qe1 a4 36. Nh5 Be5 37. Rc1 Qf7 38. Nf4 Bf6 39. Nxa4 bxa4 40. Rxc4 e5 41. Rc5 exf4 42. Rxf5 Qb3 43. Qe2 Qd1+ 44. Qxd1 Rxd1+ 45. Kh2 Bb2 46. exf4 Rd3 47. Rg5+ Kf7 48. Ra5 Rxa3 49. Ra7+ Kg6 50. g4 0-1